000 00891nam a2200229Ii 4500
003 JO-AjNU
008 230605s9999||||xx |||||||||||||| ||und||
017 _a2012/5/1640
020 _a978-9957-06-931-5
040 _aJO-AjNU
_bara
_erda
_cJO-AjNU
041 _aara
050 1 4 _aDS38.4.S2 2013
100 3 _aتأليف: صبرة،عفاف سيد، م. مشارك مصطفى محمد الحناوي,
_eauthor
_960228
245 0 0 _aتاريخ الخلفاء الراشدين
250 _aالطبعة الاولى
264 3 1 _aعمان: دار المسيرة للنشر والتوزيع، 2013
300 _a438ص
_b ويحتوي على قائمة مراجع من ص431ص- 438ص
336 _atext
_btxt
_2rdacontent
337 _aunmediated
_bn
_2rdamedia
338 _avolume
_bnc
_2rdacarrier
650 4 _aالتاريخ الاسلامي- الخلفاء الراشدون
_960229
999 _aA27147
_c30715
_d30715